000 00411nam a2200181Ia 4500
001 10751
005 20260306161855.0
008 260306t1958||||xx |||||||||||||| ||spa||
041 _aESP
082 _a947.092
_bS748
100 _aShub, David
_eAUT
245 0 _aLenin:
_ba biography
260 _c1958
300 _a187 páginas :
_c18 cm.
650 _aGEN
654 _aCHU
942 _cLIB
_dJUS
_fJUS
_2ddc
_n
999 _c10751
_d10751